000 01267cab a2200253 4500
001 ABS68588
008 041217n2004 000 0 eng u
035 _a(Sirsi) u128352
100 _aBland, M.
245 3 _aAn investigation of compliance with the Environmental Protection (Duty of Care) Regulations 1991
260 _c2004
490 _aScientific and Technical Review
_v5(2) December 2004, 4-10(7)
520 _aDescribes the methodology used in the Environmental Protection (Duty of Care) Regulations 1991 and presents the results of site-based spot check audits of waste transfer notes. The results show that there is a very low level of compliance with the requirements of the Regulations. Waste transferors are often confused between the waste transfer note documentation required and the requirement to be a registered waste carrier. Includes a review of regulatory powers and enforcement.
590 _aABS
650 _aENVIRONMENTAL PROTECTION (DUTY OF CARE) REGULATIONS 1991
650 _aWASTE TRANSFERS
650 _aCOMPLIANCE
650 _aENVIRONMENTAL PROTECTION ACT 1990
650 _aDUTY OF CARE
690 _aENVIRONMENTAL AND LAND CONSULTANCY-WASTE MANAGEMENT
700 _aGrimes, S.
700 _aMehta, L.
942 _n0
999 _c74683
_d74683